| 000 | 00750nam a2200241Ia 4500 | ||
|---|---|---|---|
| 003 | OSt | ||
| 005 | 20251230155641.0 | ||
| 008 | 210716s1996 xx 000 0 und d | ||
| 020 | _a8170297060 | ||
| 040 | _cAIMIT LIBRARY | ||
| 041 | _aeng | ||
| 082 |
_a006.37 _21 _bSMIL |
||
| 100 |
_aSmith, Larry W. _9249787 |
||
| 245 |
_aLearn visual basic 4.0 in three days / _cBy Larry W Smith and David L Campbell. |
||
| 250 | _a1st ed. | ||
| 260 |
_aNew Delhi : _bBPB Publications , _c1996. |
||
| 300 |
_avii,170,16p. ; _bPB _c22.1 cm |
||
| 650 |
_aThe graphical user interface _9249788 |
||
| 650 |
_aCommand buttons and labels _9249789 |
||
| 650 |
_aData controls _9249790 |
||
| 700 |
_aCampbell, David L. _9249791 |
||
| 942 |
_2ddc _cBK _e1st _k006.37 SMIL |
||
| 999 |
_c183021 _d183021 |
||